Multiple decision procedures: theory and methodology of selecting and ranking populations

Na minha lista:
Detalhes bibliográficos
Principais autores: Gupta, Shanti Swarup (Autor), Panchapakesan, S (Autor)
Formato: Livro
Idioma:inglês
Publicado em: Nueva York John Wiley and Sons 1979
coleção:Wiley Publication in Applied Statistics
Assuntos:
Tags: Adicionar Tag
Sem tags, seja o primeiro a adicionar uma tag!

MARC

LEADER 00000nam a2200000 a 4500
001 UCP2288
003 CL-VaPUC
008 990507e19790000US |||||||||||||||||eng|d
082 0 4 |a 519.54  |b GUP  |2 21 
100 0 |a Gupta, Shanti Swarup  |e author  |9 428921 
700 0 |a Panchapakesan, S  |e author  |9 428922 
245 1 0 |a Multiple decision procedures: theory and methodology of selecting and ranking populations 
300 |a 573 p 
942 |c BK 
945 |d 19990507 00:00:00  |a crobeson 
260 |a Nueva York  |b John Wiley and Sons  |c 1979 
650 0 |a Inferencia estadística  |9 312855 
650 0 |a Estadística aplicada  |9 270522 
650 0 |a Estadística matemática  |9 260028 
583 |a last modification  |c 19990507 00:00:00  |k Rodrigo Vera 
490 0 |a Wiley Publication in Applied Statistics 
999 |c 280842  |d 280840 
952 |0 0  |1 0  |4 0  |6 519_540000000000000_GUP_1979  |7 0  |8 A  |9 321356  |a BIBGIM  |b BIBGIM  |d 2019-11-20  |i 1345451  |o 519.54 GUP 1979  |p 1345451  |r 2025-01-15  |w 2019-11-20  |y BK  |k EST